000 00535nam a2200181Ia 4500
001 20353
005 20260306172800.0
008 260306t2016||||xx |||||||||||||| ||spa||
041 _aESP
082 _a343.2
_bG312 T. 1
100 _aGaceta Juridica
_eAUT
245 0 _a10 años de sentencias claves del tribunal constitucional:
_ben diversas materias del derecho, sistematizadas e indexadas por submaterias
260 _c2016
300 _a571 páginas :
_c25 cm.
650 _aGEN
654 _aCDE
942 _cLIB
_dJUS
_fJUS
_2ddc
_n
999 _c20353
_d20353